• 首页
  • 本馆介绍
  • 公告通知
  • 最新文献
  • 馆藏检索
  • 电子资源
  • 读者导购
  • 参考咨询
  • 我的图书馆
  • 登录
  • 详细信息显示
  • 放入我的书架
  • 预约/预借图书
  • 作者相关作品
  • 分类相关作品
  • 丛书相关作品
  • 出版社相关作品

书目信息

  • 表格格式
  • 工作单格式
  • 卡片格式
题名:
我们为什么不能拥有一切
    
 
作者: 斯劳特 著 ;何兰兰 译
分册:  
出版信息: 北京   文化发展出版社  2016.09
页数: 235页
开本: 24cm
丛书名:
单 册:
中图分类: K818.5 , C913.68
科图分类:
主题词: 女性--nv xing--人物--生平事迹--世界 , 社会生活 , 社会问题
电子资源:
ISBN: 978-7-5142-1445-1
000 01468nam0 2200325 450
001 CAL 0120161975919
005 20171225143442.88
010    @a978-7-5142-1445-1@b@dCNY45.00
100    @a20160831d2016 em y0chiy50 ea
101 1  @achi@ceng
102    @aCN@b110000
105    @ay z 000yc
106    @ar
200 1  @a我们为什么不能拥有一切@Awo men wei shen me bu neng yong you yi qie@e女性:工作与家庭的平衡@f(美) 安妮-玛丽·斯劳特著@d= Unfinished business women men work family@fAnne-Marie Slaughter@g何兰兰译@zeng
210    @a北京@c文化发展出版社@d2016.09
215    @a235页@c@d24cm
314    @a安妮-玛丽·斯劳特, 普林斯顿大学伍德罗·威尔逊公共与国际事务学院首位女院长, 2009年初出任美国国务院政策规划司司长。
330    @a本书以崭新的视角来看待当代的女性主义运动, 反驳了桑德伯格在《向前一步》中的观点, 探讨两性真正意义上的平等。关于女人, 如何选择家庭、生活和事业的平衡。同时为女性打抱不平: 无论她们如何努力, 女性不可能同时兼顾成功的职业生涯和圆满的家庭生活。
500 10 @aUnfinished business women men work family@mChinese
517 1  @a女性:工作与家庭的平衡@Anu xing:gong zuo yu jia ting de ping heng
606 0  @a女性@Anv xing@x人物@x生平事迹@y世界
606 0  @a社会生活
606 0  @a社会问题
690    @aK818.5@v5
690    @aC913.68@v4
701  1 @a斯劳特@Asi lao te@g(Slaughter, Anne-Marie)@4著
702  0 @a何兰兰@Ahe lan lan@4译
801  0 @aCN@b人天书店@c20160831@g
905    @aBZT@dC913.68@e11
906    @dCNY45.00@n3@r1
    
    我们为什么不能拥有一切:女性:工作与家庭的平衡/(美) 安妮-玛丽·斯劳特著= Unfinished business women men work family/Anne-Marie Slaughter/何兰兰译.-北京:文化发展出版社,2016.09
    235页;24cm
    
    
    ISBN 978-7-5142-1445-1:CNY45.00
    本书以崭新的视角来看待当代的女性主义运动, 反驳了桑德伯格在《向前一步》中的观点, 探讨两性真正意义上的平等。关于女人, 如何选择家庭、生活和事业的平衡。同时为女性打抱不平: 无论她们如何努力, 女性不可能同时兼顾成功的职业生涯和圆满的家庭生活。
●
相关链接 在五车中查询图书 在当当中查询图书 在豆瓣中查询图书


正题名:我们为什么不能拥有一切     索取号:C913.68/11         预约/预借

序号 登录号 条形码 馆藏地/架位号 状态 备注
1 834773   2000834773   第二书库/ [索取号:C913.68/11] 在馆    
2 834774   2000834774   第二书库/ [索取号:C913.68/11] 在馆    
3 834775   2000834775   第二书库/ [索取号:C913.68/11] 在馆    
山东省滨州职业学院图书馆 欢迎您!
大连网信软件有限公司© 版权所有